书目信息 |
| 题名: |
工程物流学导论
|
|
| 作者: | 王诺 著 | |
| 分册: | ||
| 出版信息: | 北京 化学工业出版社 2007 |
|
| 页数: | 205页 | |
| 开本: | 26cm | |
| 丛书名: | 高等学校教材 | |
| 单 册: | ||
| 中图分类: | F252 | |
| 科图分类: | ||
| 主题词: | 物流--wu liu--物资管理--高等学校--教材 | |
| 电子资源: | ||
| ISBN: | 978-7-122-00684-4 | |
| 000 | 00906nam 2200253 450 | |
| 001 | 0100000430 | |
| 005 | 20080612093746.81 | |
| 010 | @a978-7-122-00684-4@dCNY29.80 | |
| 100 | @a20080525d2007 ekmy0chiy0120 ea | |
| 101 | 0 | @achi |
| 102 | @aCN@b110000 | |
| 105 | @aak a 000yy | |
| 200 | 1 | @a工程物流学导论@Agong cheng wu liu xue dao lun@f王诺著 |
| 210 | @a北京@c化学工业出版社@d2007 | |
| 215 | @a205页@c图@d26cm | |
| 225 | 2 | @a高等学校教材@Agao deng xue jiao jiao cai |
| 320 | @a有书目 (第202-205页) | |
| 330 | @a本书主要写了工程物流是现代物流的重要组成部分, 在实践中工程物流主要解决建设项目, 救助支援, 其特点是高风险、强时性、一次性、书中重点介绍了工程物流的概念、范畴和运输方案. | |
| 410 | 0 | @12001 @a高等学校教材 |
| 606 | 0 | @a物流@Awu liu@x物资管理@x高等学校@j教材 |
| 690 | @aF252@v4 | |
| 701 | 0 | @a王诺@Awang nuo@4著 |
| 801 | 0 | @aCN@c20080612 |
| 905 | @b20800979-81@dF252@eW296@fF252/W296 | |
| 工程物流学导论/王诺著.-北京:化学工业出版社,2007 |
| 205页:图;26cm.-(高等学校教材) |
| ISBN 978-7-122-00684-4:CNY29.80 |
| 本书主要写了工程物流是现代物流的重要组成部分, 在实践中工程物流主要解决建设项目, 救助支援, 其特点是高风险、强时性、一次性、书中重点介绍了工程物流的概念、范畴和运输方案. |
| ● |
| 相关链接 |
|
|
|
正题名:工程物流学导论
索取号:F252/W296
 
预约/预借
| 序号 | 登录号 | 条形码 | 馆藏地/架位号 | 状态 | 备注 |
| 1 | 800352 | 208003523 | 社科库409/409社科库 80排3列4层/ [索取号:F252/W296] | 在馆 | |
| 2 | 800353 | 208003532 | 社科二线422/422社科库 29排4列1层/ [索取号:F252/W296] | 在馆 | |
| 3 | 800354 | 208003541 | 社科二线422/422社科库 29排4列1层/ [索取号:F252/W296] | 在馆 | |
| 4 | 855676 | 208556766 | 社科库409/409社科库 36排4列2层/ [索取号:F252/W296] | 在馆 | |
| 5 | 855677 | 208556775 | 社科库409/400B社科库 3排3列2层/ [索取号:F252/W296] | 在馆 | |
| 6 | 855678 | 208556784 | 社科库409/400B社科库 15排2列5层/ [索取号:F252/W296] | 在馆 | |
| 7 | 920359 | 209203592 | 社科库409/400B社科库 15排2列5层/ [索取号:F252/W296] | 在馆 | |
| 8 | 920360 | 209203609 | 社科库409/400B社科库 15排2列5层/ [索取号:F252/W296] | 在馆 |